000 00296nam a2200121 a 4500
008 010626s1958||||xx 0 und c
040 _aSNK
_bslo
_cSNK
_eAACR2
245 1 0 _aSlovensko - Maďarský slovník
260 _aBratislava
_bSPN
_c1958
020 _c16,80
041 _aslo
044 _axo
_cSK
999 _c19185
_d19185